000 00747nam a22001337a 4500
040 _cRUA
082 _aLMA NEA 2021 B1-498 Or.
100 _aNEAK CHANTHOEUN នាក់ ចន្ទធឿន
245 _aSTUDY ON SOLVING THE CONFLICT OUT OF SYSTEM COURT AT ROMENH COMMUNE, KOH ANDET DISTRICT, TAKEO PROVINCE សិក្សាពីការដោះស្រាយវិវាទដីធ្លីក្រៅប្រព័ន្ធតុលាការនៅឃុំរមេញ ស្រុកកោះអណ្តែត ខេត្តតាកែវ
260 _aPHNOM PENH
_bRUA
_c2021
300 _aVIII. 37P
_bVI.
_c29CM
856 _uhttps://drive.google.com/file/d/1fUoZYRS0abNLS_FuFvdqne4V7xG36hhX/view?usp=sharing
942 _cLMA
999 _c23170
_d23170